00556nam a2200169Ia 4500003000900000008004100009040001600050080001500066110003600081245012900117250001200246260004100258300000900299650004100308650002100349650001600370IN-BaIIA211028s9999 xx 000 0 eng d cIIA Library a551.5bIMD aIndia Meteorological Department 0aCode of storm warning signals for use at indian maritime portscIndia Meteorological Department  a4th ed. aDelhibManager of Publicationsc1937 a11p. aAstronomy and Astrophysics Thesaurus aEarth Atmosphere aMeteorology